[Event "75. LJUBLJANSKA LIGA 2023"]
[Site " gostovanja"]
[Date "2023.03.23"]
[Round "9.4"]
[White "Cop, Jaka"]
[Black "Lazar, Ivan"]
[Result "1/2-1/2"]
[WhiteElo "1919"]
[BlackElo "1765"]
[PlyCount "120"]
[EventDate "2023.03.23"]
[WhiteTeam "SK IG"]
[BlackTeam "SK ZAGORJE"]

1. e4 c5 2. Nc3 Nc6 3. g3 Nf6 4. d3 e6 5. Bg2 Be7 6. f4 d5 7. Nf3 dxe4 8. Nxe4
Nxe4 9. dxe4 Qxd1+ 10. Kxd1 O-O 11. c3 Rd8+ 12. Kc2 b5 13. Be3 Bb7 14. Rhd1 b4
15. Nd2 bxc3 16. bxc3 Na5 17. c4 Bc6 18. Bf1 Rd7 19. Be2 Rad8 20. e5 Ba4+ 21.
Nb3 Rxd1 22. Rxd1 Rxd1 23. Bxd1 Nxc4 24. Bf2 Na5 25. Kc3 Nxb3 26. Bxb3 Bb5 27.
Bc2 Bc6 28. Kc4 Bd5+ 29. Kb5 Bxa2 30. Bxc5 Bxc5 31. Kxc5 Bd5 32. Ba4 Kf8 33.
Kd6 Be4 34. h4 Bf3 35. Bb5 h6 36. Ba6 Ke8 37. Bb5+ Kd8 38. Ba6 Bd1 39. Kc6 Bf3+
40. Kd6 h5 41. Bb5 Bd1 42. Ba6 g6 43. Kc6 Bf3+ 44. Kd6 Be4 45. Bb5 Bc2 46. Ba6
Be4 47. Bb5 Bb7 48. Ba4 Ba6 49. Bc6 Be2 50. Ba4 a6 51. Kc6 Ke7 52. Kb6 Kd8 53.
Bc6 Ke7 54. Be4 Bb5 55. Bc2 Kd7 56. Be4 Be2 57. Bc6+ Ke7 58. Bb7 Kd8 59. Bxa6
Bxa6 60. Kxa6 Kc7 1/2-1/2

[Event "75. LJUBLJANSKA LIGA 2023"]
[Site " gostovanja"]
[Date "2023.03.23"]
[Round "9.1"]
[White "Plaskan, Jure"]
[Black "Skok, Boris"]
[Result "1-0"]
[WhiteElo "2241"]
[BlackElo "1944"]
[PlyCount "103"]
[EventDate "2023.03.23"]
[WhiteTeam "SD DOMZALE"]
[BlackTeam "SD CRNI GRABEN"]

1. e4 c5 2. Nf3 e6 3. d4 cxd4 4. Nxd4 Nc6 5. Nb5 d6 6. c4 Nf6 7. N1c3 a6 8. Na3
Be7 9. Be2 O-O 10. O-O b6 11. Be3 Ne5 12. h3 Bb7 13. f4 Ned7 14. Bf3 Qc7 15.
Qe2 Rfe8 16. Rac1 Rab8 17. g4 Rec8 18. g5 Ne8 19. Qg2 Bf8 20. h4 Qd8 21. h5 Qe7
22. Bf2 g6 23. Qh3 e5 24. Bg4 Bc6 25. hxg6 hxg6 26. f5 gxf5 27. Bxf5 Bg7 28.
Bh4 Rc7 29. Bh7+ Kf8 30. Bg6 f6 31. gxf6 Nexf6 32. Rf2 Kg8 33. Bh7+ Kh8 34. Bf5
Kg8 35. Be6+ Kf8 36. Rcf1 Ke8 37. Nd5 Bxd5 38. exd5 b5 39. cxb5 axb5 40. Qf5 b4
41. Nb1 Rc4 42. Bxf6 Nxf6 43. Qg6+ Kd8 44. Rxf6 Bxf6 45. Rxf6 Qa7+ 46. Kg2 Rb7
47. Qg8+ Kc7 48. Qc8+ Kb6 49. Qxc4 Rg7+ 50. Kf1 Ka5 51. Rf2 Qe3 52. a3 1-0

[Event "75. LJUBLJANSKA LIGA 2023"]
[Site " gostovanja"]
[Date "2023.03.23"]
[Round "9.2"]
[White "Hribar, Janez"]
[Black "Skok, Joze"]
[Result "1-0"]
[WhiteElo "1894"]
[BlackElo "1940"]
[PlyCount "127"]
[EventDate "2023.03.23"]
[WhiteTeam "SD CRNI GRABEN"]
[BlackTeam "SD DOMZALE"]

1. d4 Nf6 2. Bg5 Ne4 3. Bf4 d5 4. Nd2 Bf5 5. Ngf3 g6 6. e3 Bg7 7. Nxe4 Bxe4 8.
Nd2 O-O 9. Nxe4 dxe4 10. Bc4 c5 11. c3 Nc6 12. Qc2 Na5 13. Be2 cxd4 14. exd4
Qd5 15. O-O Rac8 16. Qd2 e5 17. dxe5 Qxd2 18. Bxd2 Bxe5 19. Be3 b6 20. Rfd1
Rfd8 21. f3 exf3 22. gxf3 Re8 23. Ba6 Rc7 24. Bh6 Bg7 25. Bf4 Be5 26. Re1 Rce7
27. Bb5 Bd4+ 28. Kf1 Rxe1+ 29. Rxe1 Rxe1+ 30. Kxe1 Bg1 31. Bb8 Nb7 32. Kf1 Be3
33. Bxa7 Nd6 34. Bd3 Nc8 35. Bb8 Bc1 36. b3 Bb2 37. Ba6 Ne7 38. c4 Nc6 39. Bd6
f6 40. Bb7 Ne5 41. Bd5+ Kg7 42. Ke2 f5 43. b4 Kf6 44. c5 bxc5 45. b5 Nd7 46.
Kd3 Nb6 47. Bg8 Bd4 48. Bc7 Nd7 49. b6 Be5 50. Bd5 Ke7 51. f4 Bxc7 52. bxc7 Nb6
53. Bb7 Kd7 54. c8=Q+ Nxc8 55. Bxc8+ Kxc8 56. Kc4 Kd7 57. Kxc5 Ke6 58. a4 g5
59. fxg5 Ke5 60. a5 f4 61. a6 f3 62. a7 f2 63. a8=Q f1=Q 64. Qe8+ 1-0

[Event "75. LJUBLJANSKA LIGA 2023"]
[Site " gostovanja"]
[Date "2023.03.23"]
[Round "9.3"]
[White "Markosek, Bine"]
[Black "Majcen, Zoran"]
[Result "0-1"]
[WhiteElo "1865"]
[BlackElo "1802"]
[PlyCount "108"]
[EventDate "2023.03.23"]
[WhiteTeam "SD DOMZALE"]
[BlackTeam "SD CRNI GRABEN"]

1. e4 e6 2. d4 d5 3. Nc3 dxe4 4. Nxe4 Nd7 5. Nf3 Ngf6 6. Nxf6+ Nxf6 7. Bd3 h6
8. O-O Bd6 9. c3 O-O 10. Qe2 b6 11. Ne5 Bb7 12. Rd1 Qe7 13. Bf4 Rad8 14. Bg3 c5
15. Ba6 cxd4 16. Bxb7 Qxb7 17. Rxd4 Bc5 18. Rxd8 Rxd8 19. b4 Be7 20. b5 Ne4 21.
Nc6 Nxg3 22. hxg3 Rd7 23. Rd1 Bc5 24. Qf3 Qc7 25. Rxd7 Qxd7 26. Ne5 Qc7 27. Nc6
Qd6 28. Qf4 Qd1+ 29. Kh2 Qe2 30. Ne5 Qxf2 31. Qxf2 Bxf2 32. Nc6 h5 33. g4 hxg4
34. g3 Kf8 35. Nxa7 Ke7 36. Kg2 Bc5 37. Kf1 Kd6 38. Ke2 Kd5 39. Nc6 f6 40. Kd3
Bf2 41. c4+ Kd6 42. a4 Bxg3 43. Nd4 Bf2 44. Ne2 f5 45. Nf4 g5 46. Ng2 Kc5 47.
Ke2 g3 48. Kd3 e5 49. Ne3 Bxe3 50. Kxe3 g4 51. Ke2 f4 52. Ke1 f3 53. Kf1 e4 54.
Ke1 e3 0-1

[Event "75. LJUBLJANSKA LIGA 2023"]
[Site " gostovanja"]
[Date "2023.03.23"]
[Round "9.4"]
[White "Vidergar, Milan"]
[Black "Timagina, Sofia"]
[Result "0-1"]
[WhiteElo "1504"]
[BlackElo "1426"]
[PlyCount "83"]
[EventDate "2023.03.23"]
[WhiteTeam "SD CRNI GRABEN"]
[BlackTeam "SD DOMZALE"]

1. d4 Nf6 2. Nc3 d5 3. e3 c6 4. Nf3 Nbd7 5. Be2 e6 6. a3 Bd6 7. b4 a6 8. Bb2
O-O 9. Bd3 e5 10. dxe5 Nxe5 11. Ne2 Nxf3+ 12. gxf3 Re8 13. Qd2 Be5 14. c3 Be6
15. Ng3 g6 16. Rg1 Qd7 17. h4 Bxg3 18. Rxg3 Bf5 19. Be2 Re6 20. Qd4 Rae8 21.
O-O-O Qc7 22. c4 b5 23. c5 Kf8 24. Rdg1 Nh5 25. Rg5 f6 26. Rxf5 gxf5 27. Bd3
Qh2 28. Rf1 Ng7 29. e4 Qf4+ 30. Kc2 fxe4 31. fxe4 dxe4 32. Be2 Nf5 33. Qd7 Qxh4
34. Bd4 Nxd4+ 35. Qxd4 Qg5 36. Qd1 Qd5 37. Qc1 Qa2+ 38. Kd1 Rd8+ 39. Ke1 f5 40.
Rg1 Rd7 41. Bh5 Rg7 42. Qh6 0-1

[Event "75. LJUBLJANSKA LIGA 2023"]
[Site " gostovanja"]
[Date "2023.03.23"]
[Round "9.1"]
[White "Veskovic, Dzemal"]
[Black "Coklin, Marko"]
[Result "0-1"]
[WhiteElo "1876"]
[BlackElo "2129"]
[PlyCount "94"]
[EventDate "2023.03.23"]
[WhiteTeam "SD MENGES - TRZIN"]
[BlackTeam "SK TRZIN BUSCOTRADE"]

1. e4 c5 2. Nf3 Nc6 3. Nc3 g6 4. d4 cxd4 5. Nxd4 Bg7 6. Be3 Nf6 7. Nxc6 bxc6 8.
Be2 O-O 9. O-O d5 10. exd5 Nxd5 11. Nxd5 cxd5 12. Bf3 e6 13. Bc5 Re8 14. Rb1
Qa5 15. Ba3 Ba6 16. Be2 Rab8 17. Bxa6 Qxa6 18. Qd3 Qxd3 19. cxd3 Rec8 20. Rbc1
Rxc1 21. Rxc1 Bxb2 22. Rb1 Be5 23. Rxb8+ Bxb8 24. Bc5 e5 25. f3 f5 26. h3 Kf7
27. Kf1 Ke6 28. Ke2 a6 29. a4 Bd6 30. Bb6 Bb4 31. Ba7 Kd7 32. g4 Kc6 33. Bf2
Bc3 34. Kd1 Ba5 35. Ke2 d4 36. f4 fxg4 37. hxg4 exf4 38. Bxd4 h5 39. gxh5 gxh5
40. Kd1 f3 41. Bf2 Bb6 42. Bh4 Be3 43. Ke1 Kc5 44. Bf6 Kb4 45. Kf1 Kxa4 46. d4
Kb5 47. d5 Kc5 0-1

[Event "75. LJUBLJANSKA LIGA 2023"]
[Site " gostovanja"]
[Date "2023.03.23"]
[Round "9.2"]
[White "Lah, Emil"]
[Black "Simicak, Metod"]
[Result "0-1"]
[WhiteElo "1951"]
[BlackElo "1704"]
[PlyCount "118"]
[EventDate "2023.03.23"]
[WhiteTeam "SK TRZIN BUSCOTRADE"]
[BlackTeam "SD MENGES - TRZIN"]

1. e4 e5 2. Nf3 Nf6 3. d4 Qe7 4. Bd3 exd4 5. O-O c5 6. Bg5 h6 7. e5 hxg5 8.
exf6 Qxf6 9. Re1+ Kd8 10. Nbd2 d5 11. Bb5 Bd6 12. c3 a6 13. cxd4 axb5 14. dxc5
g4 15. cxd6 gxf3 16. Nxf3 Qxd6 17. Ne5 Be6 18. g3 Nc6 19. Nd3 Ra4 20. b3 Re4
21. Rxe4 dxe4 22. Nc5 Qxd1+ 23. Rxd1+ Kc7 24. Nxe4 Ra8 25. Rd2 Nb4 26. Nc3 Kc6
27. f4 Nd5 28. Ne2 Rc8 29. f5 Bd7 30. Nd4+ Kd6 31. Kf2 Bc6 32. g4 Re8 33. Nf3
f6 34. Nd4 Re4 35. h3 Bd7 36. Ne2 Ke5 37. Kf3 Bc6 38. Kg3 b4 39. Nc1 Re3+ 40.
Kf2 Rxh3 41. Nd3+ Kd6 42. Nf4 Rh2+ 43. Ng2 Kc5 44. Kg3 Rh1 45. Rc2+ Nc3 46. Nf4
Rg1+ 47. Kh4 Bf3 48. Ne6+ Kb6 49. g5 fxg5+ 50. Kh3 Be4 51. Rf2 Nd5 52. Nxg7
Nf4+ 53. Kh2 Rh1+ 54. Kg3 Rg1+ 55. Kh2 Rg4 56. f6 Bg6 57. Rd2 Kc6 58. Rc2+ Bxc2
59. f7 Ng6 0-1

[Event "75. LJUBLJANSKA LIGA 2023"]
[Site " gostovanja"]
[Date "2023.03.23"]
[Round "9.3"]
[White "Grasic, Marjan"]
[Black "Krupenko, Peter"]
[Result "0-1"]
[WhiteElo "1664"]
[BlackElo "1976"]
[PlyCount "52"]
[EventDate "2023.03.23"]
[WhiteTeam "SD MENGES - TRZIN"]
[BlackTeam "SK TRZIN BUSCOTRADE"]

1. e4 e5 2. Nf3 Nf6 3. Nc3 Nc6 4. Bc4 Nxe4 5. Nxe4 d5 6. Bb5 dxe4 7. Nxe5 Qd5
8. Bxc6+ bxc6 9. Ng4 Ba6 10. Ne3 Qe6 11. b3 f5 12. c4 Qg6 13. g3 Bc5 14. Qe2
O-O 15. Bb2 Rad8 16. O-O-O Rd3 17. Ng2 Qf7 18. Nf4 Bxc4 19. bxc4 Qxc4+ 20. Kb1
Rb8 21. Rc1 Rxb2+ 22. Kxb2 Bd4+ 23. Rc3 Bxc3+ 24. dxc3 Qxc3+ 25. Kb1 Rd2 26.
Qxd2 Qxd2 0-1

[Event "75. LJUBLJANSKA LIGA 2023"]
[Site " gostovanja"]
[Date "2023.03.23"]
[Round "9.4"]
[White "Krumpak, Hinko"]
[Black "Posavec, Zvone"]
[Result "1-0"]
[WhiteElo "2043"]
[BlackElo "1284"]
[PlyCount "47"]
[EventDate "2023.03.23"]
[WhiteTeam "SK TRZIN BUSCOTRADE"]
[BlackTeam "SD MENGES - TRZIN"]

1. b3 e5 2. Bb2 Nc6 3. e3 a6 4. c4 Bc5 5. a3 Nf6 6. b4 Ba7 7. b5 Na5 8. Bxe5
axb5 9. cxb5 b6 10. Nf3 Nb7 11. Nc3 c5 12. Bc4 O-O 13. Nd5 Nxd5 14. Bxd5 Bb8
15. Bc3 Ra7 16. Ne5 Qg5 17. h4 Qe7 18. Nc4 Nd6 19. Qg4 g6 20. h5 Nxc4 21. hxg6
Ne5 22. gxf7+ Kh8 23. Bxe5+ Qxe5 24. Qg8+ 1-0

[Event "75. LJUBLJANSKA LIGA 2023"]
[Site " gostovanja"]
[Date "2023.03.23"]
[Round "9.1"]
[White "Jukan, Nesib"]
[Black "Juhant, Igor"]
[Result "1/2-1/2"]
[WhiteElo "1946"]
[BlackElo "1946"]
[PlyCount "51"]
[EventDate "2023.03.23"]
[WhiteTeam "SK TRZIN PEKOS PUB"]
[BlackTeam "SK KOMENDA POPOTNIK"]

1. d4 Nf6 2. Nf3 d5 3. e3 e6 4. c4 c5 5. Nc3 Nc6 6. dxc5 Bxc5 7. cxd5 exd5 8.
Be2 O-O 9. O-O a6 10. a3 Bf5 11. b4 Ba7 12. b5 axb5 13. Nxb5 Bb8 14. Nbd4 Be4
15. Bb2 Bxf3 16. Nxf3 Ne4 17. Qb3 Qd7 18. Rfd1 Rd8 19. Bb5 Qf5 20. Rac1 Ne5 21.
Bxe5 Bxe5 22. Bd3 Bd6 23. a4 Qd7 24. Bb5 Qf5 25. Bd3 Qd7 26. Bb5 1/2-1/2

[Event "75. LJUBLJANSKA LIGA 2023"]
[Site " gostovanja"]
[Date "2023.03.23"]
[Round "9.2"]
[White "Zidar, Jernej"]
[Black "Lanjscek, Miha"]
[Result "1-0"]
[WhiteElo "1815"]
[BlackElo "1812"]
[PlyCount "91"]
[EventDate "2023.03.23"]
[WhiteTeam "SK KOMENDA POPOTNIK"]
[BlackTeam "SK TRZIN PEKOS PUB"]

1. d4 Nf6 2. Nf3 e6 3. e3 b6 4. Bd3 Be7 5. b3 Bb7 6. Nbd2 d6 7. Bb2 Nbd7 8. O-O
c5 9. Qe2 cxd4 10. Nxd4 O-O 11. c4 Nc5 12. Bc2 Nce4 13. Nxe4 Nxe4 14. Qd3 Nf6
15. Nc6 Bxc6 16. Bxf6 g6 17. Bb2 Qc7 18. h4 Bxh4 19. Qd4 f6 20. Qxh4 Qf7 21.
Rad1 Rad8 22. Ba3 Qc7 23. Be4 Rf7 24. Bxc6 Qxc6 25. Qd4 a5 26. c5 bxc5 27. Bxc5
Rfd7 28. Ba3 Qc2 29. Rd2 Qf5 30. Rc1 e5 31. Qd5+ Kg7 32. Qxa5 h5 33. Rc7 Qb1+
34. Kh2 h4 35. Rxd6 Qf5 36. Rdxd7+ Rxd7 37. Rxd7+ Qxd7 38. Qb4 Qf5 39. Qxh4 Qc2
40. Be7 g5 41. Qg3 Qh7+ 42. Qh3 Qc2 43. f3 Qxa2 44. Qf5 Qf2 45. Qxf6+ Kh7 46.
Qf7+ 1-0

[Event "75. LJUBLJANSKA LIGA 2023"]
[Site " gostovanja"]
[Date "2023.03.23"]
[Round "9.3"]
[White "Konvalinka, Kostja"]
[Black "Kobold, Andrej"]
[Result "0-1"]
[WhiteElo "1686"]
[BlackElo "1958"]
[PlyCount "60"]
[EventDate "2023.03.23"]
[WhiteTeam "SK TRZIN PEKOS PUB"]
[BlackTeam "SK KOMENDA POPOTNIK"]

1. e4 c5 2. Nf3 e6 3. d4 cxd4 4. Nxd4 Nc6 5. Nc3 Qc7 6. Be2 a6 7. O-O Nf6 8. a3
b5 9. Be3 Be7 10. Qd2 Bb7 11. f4 Na5 12. e5 Ne4 13. Nxe4 Bxe4 14. f5 Nc4 15.
Bxc4 bxc4 16. f6 gxf6 17. exf6 Bd6 18. Bh6 Bxh2+ 19. Kh1 Rg8 20. Bg7 Bg3 21.
Qb4 Bd6 22. Qe1 Qb7 23. Qe2 Qd5 24. Rad1 Qe5 25. Nf3 Qh5+ 26. Kg1 Bc5+ 27. Rd4
Bxf3 28. Qf2 Bxd4 29. Qxd4 Qd5 30. Qf2 Be4 0-1

[Event "75. LJUBLJANSKA LIGA 2023"]
[Site " gostovanja"]
[Date "2023.03.23"]
[Round "9.4"]
[White "Zagar, Katarina"]
[Black "Offermann, Sebastian"]
[Result "0-1"]
[WhiteElo "1153"]
[BlackElo "1000"]
[PlyCount "152"]
[EventDate "2023.03.23"]
[WhiteTeam "SK KOMENDA POPOTNIK"]
[BlackTeam "SK TRZIN PEKOS PUB"]

1. d4 d5 2. c4 e6 3. Nc3 Nf6 4. e3 Be7 5. Nf3 O-O 6. Be2 Nbd7 7. O-O Nb6 8. c5
Nbd7 9. Qc2 a6 10. b3 Re8 11. Bb2 Nf8 12. Ne5 N6d7 13. Nxd7 Bxd7 14. Bf3 Ng6
15. a3 Bf8 16. b4 Nh4 17. Qe2 Qf6 18. Bg4 Qg5 19. f4 Qg6 20. Rfe1 Nf5 21. Bh3
Be7 22. Qg4 Qh6 23. Qe2 Bh4 24. Red1 Ne7 25. Bc1 Qg6 26. Qd3 Qh5 27. Qe2 Qg6
28. g3 f5 29. Bg2 Bf6 30. Bf3 Rf8 31. Bh5 Qh6 32. Bb2 Kh8 33. Bf3 Rg8 34. Qg2
g5 35. Be2 Ng6 36. fxg5 Bxg5 37. Qf3 Bxe3+ 38. Kh1 Rae8 39. Qh5 Rgf8 40. Qxh6
Bxh6 41. Bh5 Re7 42. Bxg6 hxg6 43. Re1 Rfe8 44. Ne2 g5 45. Ng1 Bb5 46. Nh3 Bd3
47. Nf2 Bc4 48. Rad1 Kg7 49. Nd3 Bxd3 50. Rxd3 Kg6 51. Kg2 Bg7 52. Rde3 Kf7 53.
h3 Bf6 54. a4 Rg8 55. a5 f4 56. Rf3 fxg3 57. Ref1 Rg6 58. Kxg3 Kg7 59. Kg4 Rh6
60. Kg3 Rf7 61. R1f2 Rh4 62. Rf1 Re4 63. Bc3 Re2 64. R1f2 Rxf2 65. Kxf2 Kg6 66.
Kg3 c6 67. Rf2 Rh7 68. Rf1 Rh4 69. Rd1 Re4 70. Rd3 e5 71. dxe5 Bxe5+ 72. Bxe5
Rxe5 73. Rd4 Kf5 74. Kf3 Re4 75. Rxe4 dxe4+ 76. Ke3 Ke5 0-1

[Event "75. LJUBLJANSKA LIGA 2023"]
[Site " gostovanja"]
[Date "2023.03.27"]
[Round "9.1"]
[White "Justin, Matjaz"]
[Black "Marinko, Peter"]
[Result "0-1"]
[WhiteElo "2235"]
[BlackElo "2038"]
[PlyCount "84"]
[EventDate "2023.03.23"]
[WhiteTeam "SD VRHNIKA"]
[BlackTeam "SK LJUBLJANA"]

1. e4 d6 2. d4 Nf6 3. Nc3 g6 4. f4 Bg7 5. Nf3 O-O 6. Bd3 Nc6 7. e5 dxe5 8. fxe5
Nh5 9. Be4 Bg4 10. Be3 f6 11. e6 f5 12. Bxc6 bxc6 13. h3 Bxf3 14. Qxf3 Qd6 15.
O-O-O Rab8 16. a3 Rb7 17. Rd3 Qxe6 18. Re1 Nf6 19. Bd2 Ne4 20. Nxe4 Qa2 21. Kd1
fxe4 22. Qxe4 e5 23. Rf3 Rd8 24. Qxc6 Rxb2 25. Qxc7 Qd5 26. Rf7 Bf8 27. Bb4
Qxd4+ 28. Ke2 e4 29. Rxf8+ Rxf8 30. Bxf8 Qd3+ 31. Kf2 Rxc2+ 32. Qxc2 Qxc2+ 33.
Re2 e3+ 34. Kxe3 Qc3+ 35. Kf2 Kxf8 36. Re3 Qb2+ 37. Kg3 a5 38. h4 Kg7 39. Rf3
a4 40. Kh3 Qe5 41. Kg4 Qh2 42. g3 Qe2 0-1

[Event "75. LJUBLJANSKA LIGA 2023"]
[Site " gostovanja"]
[Date "2023.03.27"]
[Round "9.2"]
[White "Persl, Bojan"]
[Black "Siraj, Svit"]
[Result "1/2-1/2"]
[WhiteElo "2030"]
[BlackElo "2088"]
[PlyCount "88"]
[EventDate "2023.03.23"]
[WhiteTeam "SK LJUBLJANA"]
[BlackTeam "SD VRHNIKA"]

1. e4 e5 2. Nf3 Nc6 3. Bb5 a6 4. Ba4 d6 5. c3 f5 6. d3 Nf6 7. Nbd2 Be7 8. O-O
O-O 9. Re1 h6 10. Bb3+ Kh8 11. Nh4 Kh7 12. exf5 Ng8 13. Ng6 Rxf5 14. Nxe7 Ngxe7
15. d4 Rf8 16. dxe5 Nxe5 17. Bc2+ N7g6 18. Nf1 Kh8 19. f4 Bg4 20. Qd4 Nc6 21.
Qa4 Qf6 22. Qe4 Bf5 23. Qxf5 Qxf5 24. Bxf5 Rxf5 25. g3 Rff8 26. Bd2 Rfe8 27.
Ne3 Nge7 28. Re2 Kg8 29. Rae1 Kf7 30. Kg2 b5 31. h3 a5 32. Nc2 Nd5 33. Rxe8
Rxe8 34. Rxe8 Kxe8 35. Kf3 Nb6 36. Ke4 Na4 37. b3 Nc5+ 38. Ke3 a4 39. b4 Nd7
40. Nd4 Nxd4 41. Kxd4 Nb6 42. g4 Ke7 43. f5 Kf6 44. Bf4 Ke7 1/2-1/2

[Event "75. LJUBLJANSKA LIGA 2023"]
[Site " gostovanja"]
[Date "2023.03.27"]
[Round "9.3"]
[White "Siraj, Anej"]
[Black "Medved, Miha"]
[Result "1-0"]
[WhiteElo "2055"]
[BlackElo "1000"]
[PlyCount "57"]
[EventDate "2023.03.23"]
[WhiteTeam "SD VRHNIKA"]
[BlackTeam "SK LJUBLJANA"]

1. d4 d5 2. Bf4 Bf5 3. e3 Nf6 4. c4 dxc4 5. Bxc4 e6 6. Qb3 b6 7. Nf3 c5 8. Qa4+
Nfd7 9. Bxb8 Rxb8 10. Ne5 Rb7 11. Nc3 f6 12. Nxd7 Rxd7 13. Bb5 Be7 14. dxc5
Bxc5 15. e4 a6 16. Qxa6 Ke7 17. Bxd7 Qxd7 18. exf5 Rd8 19. O-O exf5 20. Rad1
Qc6 21. Rfe1+ Kf7 22. Rxd8 Kg6 23. Qa8 Qc7 24. Nd5 Bxf2+ 25. Kxf2 Qc5+ 26. Ne3
Qc7 27. Qb8 Qc6 28. Qg3+ Kf7 29. Red1 1-0

[Event "75. LJUBLJANSKA LIGA 2023"]
[Site " gostovanja"]
[Date "2023.03.27"]
[Round "9.4"]
[White "Gerden, Tomaz"]
[Black "Racnik, Tone"]
[Result "0-1"]
[WhiteElo "1000"]
[BlackElo "1877"]
[PlyCount "100"]
[EventDate "2023.03.23"]
[WhiteTeam "SK LJUBLJANA"]
[BlackTeam "SD VRHNIKA"]

1. e4 d6 2. Nf3 Nf6 3. Nc3 g6 4. Bc4 Bg7 5. d4 O-O 6. O-O c6 7. Re1 b5 8. Bb3
b4 9. Nb1 Nbd7 10. c3 bxc3 11. Nxc3 Qc7 12. Bf4 e5 13. dxe5 dxe5 14. Be3 Ng4
15. Bd2 Qb6 16. Be3 Nxe3 17. Rxe3 Nc5 18. Na4 Nxa4 19. Bxa4 Be6 20. Bb3 Rad8
21. Qc2 Bg4 22. h3 Bc8 23. Rc3 Rd6 24. Rc1 Bh6 25. Rd1 Rfd8 26. Rxd6 Rxd6 27.
Rd3 Rxd3 28. Qxd3 Bf4 29. g3 Bxg3 30. Qe3 Qxe3 31. fxe3 Bxh3 32. Ng5 Bd7 33.
Bxf7+ Kg7 34. Bc4 h5 35. Kg2 Bh4 36. Nf3 Bf6 37. Kg3 g5 38. Be2 Kg6 39. Bd1 h4+
40. Kg2 g4 41. Nh2 Kh5 42. Nxg4 Bxg4 43. Bxg4+ Kxg4 44. a4 Bg5 45. b4 h3+ 46.
Kh1 Bxe3 47. b5 cxb5 48. axb5 Kf4 49. Kh2 Kxe4 50. Kxh3 Kd3 0-1

[Event "75. LJUBLJANSKA LIGA 2023"]
[Site " gostovanja"]
[Date "2023.03.23"]
[Round "9.1"]
[White "Butala, Marjan"]
[Black "Bandelj, Mirko"]
[Result "1-0"]
[WhiteElo "1885"]
[BlackElo "1952"]
[PlyCount "125"]
[EventDate "2023.03.23"]
[WhiteTeam "KPSRD KAREL JERAJ"]
[BlackTeam "SK DOL PRI LJUBLAJNI"]

1. c4 e5 2. Nc3 Nf6 3. Nf3 Nc6 4. d3 Be7 5. g3 O-O 6. Bg2 d5 7. cxd5 Nxd5 8.
Bd2 Nf6 9. O-O Rb8 10. a3 a6 11. b4 b5 12. Rc1 Bb7 13. Ne4 Nxe4 14. dxe4 Qe8
15. Ne1 Rd8 16. Nd3 Qd7 17. Bc3 Qe6 18. Qc2 f6 19. Qb2 Rd7 20. f4 exf4 21. Nxf4
Qf7 22. Bh3 Rd6 23. Nd5 Bd8 24. Rcd1 Re8 25. Bg2 Ne7 26. Nxe7+ Qxe7 27. e5 Rxd1
28. Rxd1 Bxg2 29. Qb3+ Kh8 30. Kxg2 fxe5 31. Qd5 Qf8 32. Bxe5 Bf6 33. Bxc7
Rxe2+ 34. Kf3 Rxh2 35. Bf4 g5 36. Qd6 Qa8+ 37. Rd5 Kg7 38. Be5 Bxe5 39. Qxe5+
Kf7 40. Qf5+ Ke7 41. Qxg5+ Ke6 42. Qe5+ Kf7 43. Qc7+ Ke6 44. Qd7+ Kf6 45. Ke3
Qg8 46. Qf5+ Ke7 47. Qd7+ Kf6 48. Qd8+ Qxd8 49. Rxd8 Ra2 50. Rd6+ Ke5 51. Rxa6
Rb2 52. Kf3 h5 53. Ra5 Rb3+ 54. Kg2 Ke4 55. Rxb5 Rxa3 56. Rxh5 Ra2+ 57. Kh3 Rb2
58. b5 Rb1 59. Kg4 Ke3 60. Re5+ Kd4 61. Kf5 Rb3 62. Kf4 Rb1 63. g4 1-0

[Event "75. LJUBLJANSKA LIGA 2023"]
[Site " gostovanja"]
[Date "2023.03.23"]
[Round "9.2"]
[White "Kosem, Rok"]
[Black "Stimec, Marjan"]
[Result "1/2-1/2"]
[WhiteElo "1588"]
[BlackElo "1774"]
[PlyCount "89"]
[EventDate "2023.03.23"]
[WhiteTeam "SK DOL PRI LJUBLAJNI"]
[BlackTeam "KPSRD KAREL JERAJ"]

1. c4 c5 2. Nc3 b6 3. Nf3 Bb7 4. g3 g6 5. Bg2 Bg7 6. d3 Nf6 7. O-O O-O 8. Qc2
d6 9. a3 Nc6 10. e4 Ng4 11. h3 Nge5 12. Nxe5 Bxe5 13. Ne2 Bg7 14. Rb1 Qd7 15.
Be3 Nd4 16. Nxd4 cxd4 17. Bd2 f5 18. f3 Rac8 19. Qd1 fxe4 20. fxe4 Rxf1+ 21.
Qxf1 Rf8 22. Qe2 Be5 23. Bh6 Rf7 24. Rf1 Qe6 25. Rxf7 Kxf7 26. Qf3+ Qf6 27. Bf4
Bc8 28. Bxe5 dxe5 29. Kf2 Kg7 30. Qxf6+ exf6 31. g4 Kf7 32. Kg3 h6 33. Bf3 Ke7
34. h4 Bd7 35. b4 Kd6 36. Kf2 Be6 37. Kg3 a6 38. Bg2 Bd7 39. Bh3 Ba4 40. g5
hxg5 41. hxg5 fxg5 42. Bc8 a5 43. Kg4 Bc2 44. Ba6 Kc6 45. Bb5+ 1/2-1/2

[Event "75. LJUBLJANSKA LIGA 2023"]
[Site " gostovanja"]
[Date "2023.03.23"]
[Round "9.3"]
[White "Novakovic, Novica"]
[Black "Magerl, Zan"]
[Result "1/2-1/2"]
[WhiteElo "1663"]
[BlackElo "1347"]
[PlyCount "72"]
[EventDate "2023.03.23"]
[WhiteTeam "KPSRD KAREL JERAJ"]
[BlackTeam "SK DOL PRI LJUBLAJNI"]

1. d4 d5 2. Bf4 Nf6 3. e3 c5 4. c3 Nc6 5. Bd3 Qb6 6. Qb3 g6 7. Nd2 Bg7 8. Ngf3
O-O 9. h3 c4 10. Qxb6 axb6 11. Bc2 b5 12. O-O Re8 13. a3 Nh5 14. Bh2 Bf6 15. g4
Ng7 16. g5 Bxh3 17. Rfe1 Bxd4 18. exd4 f6 19. Re3 Nf5 20. Bxf5 Bxf5 21. gxf6
exf6 22. Rxe8+ Rxe8 23. Re1 Rf8 24. Bd6 Rf7 25. Nf1 h5 26. Ne3 Be4 27. Nd2 Rd7
28. Nxe4 dxe4 29. Bh2 Ne7 30. Kg2 f5 31. Bf4 Kf7 32. Bg5 Ke6 33. Bxe7 Rxe7 34.
Nf1 Kd5 35. Ne3+ Ke6 36. Nf1 Kd5 1/2-1/2

[Event "75. LJUBLJANSKA LIGA 2023"]
[Site " gostovanja"]
[Date "2023.03.23"]
[Round "9.4"]
[White "Kampus, Iva"]
[Black "Cizman, Gregor"]
[Result "1/2-1/2"]
[WhiteElo "1528"]
[BlackElo "1499"]
[PlyCount "91"]
[EventDate "2023.03.23"]
[WhiteTeam "SK DOL PRI LJUBLAJNI"]
[BlackTeam "KPSRD KAREL JERAJ"]

1. e4 c6 2. Nf3 d5 3. Nc3 dxe4 4. Nxe4 Bf5 5. Ng3 Bg4 6. Bc4 e6 7. h3 Bxf3 8.
Qxf3 Nd7 9. Qe2 Be7 10. O-O Ngf6 11. d3 O-O 12. Bf4 Re8 13. c3 Nd5 14. Bd2 N7f6
15. d4 a6 16. Bd3 Qc7 17. Nh5 Nxh5 18. Qxh5 g6 19. Qg4 Nf6 20. Qf3 Rad8 21. Bh6
Qa5 22. Qe3 Nd5 23. Qf3 Nf6 24. Rfe1 Qh5 25. Qe3 Nd5 26. Qd2 g5 27. Bxg5 Bxg5
28. Qc2 Nf4 29. Be4 Ng6 30. Qb3 Rb8 31. Bf3 Qh6 32. Rad1 Qf8 33. Qc2 Qd6 34.
Qe4 Qf4 35. Qd3 Qd6 36. Qe4 Qf4 37. Qd3 Qd6 38. Qe4 Rbd8 39. Qd3 Re7 40. Be4
Kh8 41. Qf3 Qf4 42. Qd3 Qd6 43. Qf3 Qf4 44. Qd3 Qc7 45. Qf3 Qf4 46. Qd3 1/2-1/2

[Event "75. LJUBLJANSKA LIGA 2023"]
[Site " gostovanja"]
[Date "2023.03.23"]
[Round "9.1"]
[White "Markun, Ozbej"]
[Black "Baric, Dusan"]
[Result "1-0"]
[WhiteElo "1958"]
[BlackElo "1979"]
[PlyCount "101"]
[EventDate "2023.03.23"]
[WhiteTeam "SS TOMO ZUPAN KRANJ"]
[BlackTeam "SK VISNJA GORA - STICNA"]

1. e4 c5 2. c3 d5 3. exd5 Qxd5 4. d4 Nf6 5. Nf3 Bg4 6. Be2 cxd4 7. cxd4 e6 8.
O-O Be7 9. Nc3 Qd8 10. Qb3 b6 11. Bb5+ Kf8 12. Ne5 Bh5 13. Be3 Bd6 14. h3 Nbd7
15. f4 Bg6 16. Rad1 Rc8 17. Qa4 Rc7 18. Bxd7 Rxd7 19. Nxd7+ Qxd7 20. Qxd7 Nxd7
21. d5 Ke7 22. dxe6 fxe6 23. Bd4 Bc5 24. Rfe1 Bxd4+ 25. Rxd4 Nf6 26. Nd5+ Nxd5
27. Rxd5 Rc8 28. Rde5 Bf7 29. f5 Rc6 30. fxe6 Bxe6 31. R1e2 Kf6 32. b3 g6 33.
g4 Rc1+ 34. Kf2 Rc6 35. Kg3 h6 36. R5e3 Kf7 37. Kf4 Kf6 38. Ke4 Ke7 39. Kf4 Kf6
40. Kg3 Ke7 41. Rd2 Rc1 42. Kg2 Rc6 43. Ree2 Rc7 44. Rc2 Rd7 45. Rc6 Rd6 46.
Rxd6 Kxd6 47. Kf3 h5 48. Kf4 hxg4 49. hxg4 Bc8 50. Kg5 b5 51. Re8 1-0

[Event "75. LJUBLJANSKA LIGA 2023"]
[Site " gostovanja"]
[Date "2023.03.23"]
[Round "9.2"]
[White "Kirasic, Branko"]
[Black "Logar, Metod"]
[Result "0-1"]
[WhiteElo "1852"]
[BlackElo "1970"]
[PlyCount "72"]
[EventDate "2023.03.23"]
[WhiteTeam "SK VISNJA GORA - STICNA"]
[BlackTeam "SS TOMO ZUPAN KRANJ"]

1. e4 e5 2. Nf3 Nc6 3. Bc4 Bc5 4. c3 Nf6 5. d4 exd4 6. cxd4 Bb4+ 7. Nc3 Nxe4 8.
O-O Bxc3 9. Qb3 O-O 10. Bd5 Nxd4 11. Nxd4 Bxd4 12. Bxe4 Qf6 13. Qc2 d5 14. Bxd5
Bf5 15. Qxc7 Bd3 16. Be3 Bxf1 17. Rxf1 Qe5 18. Qxb7 Bxe3 19. fxe3 Qxe3+ 20. Kh1
Kh8 21. Bb3 Rad8 22. h3 f5 23. Rf3 Qe1+ 24. Kh2 Qe5+ 25. Kg1 a5 26. Qa6 Rd2 27.
Rd3 Qxb2 28. Qd6 Rxg2+ 29. Kh1 Re8 30. Rd1 Rge2 31. Bc4 Re1+ 32. Bf1 Qf2 33.
Rxe1 Qxe1 34. Kg2 Qe4+ 35. Kg1 f4 36. Bb5 Qe1+ 0-1